Normal view
MARC view
- Monumentos
Entry Materia
001 - NÚMERO DE CONTROL DEL REGISTRO
- campo de control: 53098
003 - IDENTIFICADOR DE NUMERO DE CONTROL
- campo de control: MX-MxUPN
005 - FECHA Y HORA DE LA ÚLTIMA TRANSACCIÓN
- campo de control: 20240820110742.0
008 - DATOS DE LONGITUD FIJA
- campo de control de longitud fija: 240820|| acn||babn | ana d
040 ## - FUENTE DE LA CATALOGACIÓN
- Centro catalogador de origen: MX-MxUPN
- Lengua de catalogación: spa
- Agencia de transcripción: MX-MxUPN
- Agencia de modificación: MX-MxUPN
150 ## - ENCABEZAMIENTO - TEMÁTICO
- Término de materia o nombre geográfico como elemento inicial: Monumentos
- Subdivisión de materia general: Conservación
- Subdivisión geográfica: México
670 ## - FUENTE EN LA QUE SE LOCALIZARON DATOS
- Cita de la fuente: Autoridades BGTQ, 20 agosto 2024 :
- Información localizada: (Monumentos -- Conservación -- México)
902 ## - CATALOGADOR
- Catalogador: MaríaRobles/200824
